000 00568nam a2200193 i 4500
001 145733
003 ES-MaACL
005 20230906201310.0
007 t|
008 071016s1972 sp ||||1| spa d
100 1 _aVecchiotti, Icilio.
_9113511
245 1 0 _aQué ha dicho verdaderamente Schopenhauer /
_cI. Vecchiotti ; [traducción Javier Abásolo].
250 _a[1ª ed.].
260 _a[Madrid] :
_bDoncel,
_c[1972]
300 _a166 p. ;
_c18 cm.
700 1 _aAbásolo, Javier,
_917981
852 _aES-MaACL
_jC-46538
_bR.81348
999 _c145733
_d145733